"Tiurma NKWD Nr. 2 Tost"

Titel: "Tiurma NKWD Nr. 2 Tost" : das sowjetische Gefängnis in Tost im Jahr 1945 / Sebastian Rosenbaum, Bogusław Tracz, Dariusz Węgrzyn ; Redaktion Sybille Krägel, Peter Keup, Sandra Czech, Sebastian Sachse ; übersetzt aus dem Polnischen von David Skrabania
Verfasser: ; ;
Veröffentlicht: Berlin : Demokratieverlag UG, [2025]
Umfang: 466 Seiten : Illustrationen ; 21 cm
Format: Buch
Sprache: Deutsch
Einheitssachtitel: Tiurma-łagier Tost
Schlagworte:
ISBN: 9783910685048
Buchumschlag
X
alg: 54005512
001A    $06000:04-12-25 
001B    $03025:16-01-26 $t15:13:59.000 
001D    $06000:04-12-25 
001U    $0utf8 
001X    $00 
002@    $0Aax 
002C    $aText $btxt $2rdacontent 
002D    $aohne Hilfsmittel zu benutzen $bn $2rdamedia 
002E    $aBand $bnc $2rdacarrier 
003@    $0540055123 
004A    $A978-3-910685-04-8 $fBroschur 
006G    $01366082729 
006U    $025,A49 $f20250519 
007A    $01366082729 $aDNB 
009P    $qapplication/pdf $A2 $3Inhaltsverzeichnis $uhttps://d-nb.info/1366082729/04 $mB:DE-101 
010@    $ager $cpol 
010E    $erda 
011@    $a2025 $n[2025] 
021A    $a"Tiurma NKWD Nr. 2 Tost" $ddas sowjetische Gefängnis in Tost im Jahr 1945 $hSebastian Rosenbaum, Bogusław Tracz, Dariusz Węgrzyn ; Redaktion Sybille Krägel, Peter Keup, Sandra Czech, Sebastian Sachse ; übersetzt aus dem Polnischen von David Skrabania 
022A    $aTiurma-łagier Tost 
028A    $BVerfasser $4aut $7139640622 $8Rosenbaum, Sebastian$Z1974- [Tp3] $9217428533 
028C    $BVerfasser $4aut $7139640703 $8Tracz, Bogusław$Z1972- [Tp3] $9217428770 
028C    $BVerfasser $4aut $71182340911 $8Węgrzyn, Dariusz$Z1975- [Tp3] $9447096206 
033A    $pBerlin $nDemokratieverlag UG 
034D    $a466 Seiten 
034I    $a21 cm 
034M    $aIllustrationen 
044K    $qDNB $RSowjetunion $#Speziallager Tost $#Speziallager Nr. 2 des NKWD $#Sowjetunion, Narodnyj Komissariat Vnutrennich Del, Internierungslager Tost $74607483-1 $8Internierungslager Tost [Tb1] $9093740204 
044K    $RTost $710163578-3 $8Toszek [Tg1] $9185127835 
044K    $RSowjetunion $#Soviet Union, Narodnyĭ komissariat vnutrennikh del $#СССР, Народный комиссариат внутренних дел $#Sowjetunion, Innenministerium $#Sowjetunion, Volkskommissariat für Innere Angelegenheiten $#SSSR, Narodnyj Komissariat Vnutrennich Del $#Narodnyj Komissariat Vnutrennich Del Sowjetunion $#Volkskommissariat für Innere Angelegenheiten Sowjetunion $#NKVD SSSR $#NKWD $#Narodnyj Komissariat Vnutrennich Del SSSR $#KWD $#Sowjetunion Innenministerium $742358-0 $8Sowjetunion$bNarodnyj Komissariat Vnutrennich Del [Tb1] $9040403734 
044K    $RLagerung $#Warehouses Management $#Entrepôts Gestion $#Lager $74125574-4 $8Lager [Ts1] $908542384X 
045E    $c940 $c360 
045F    $a943.858053 $eDDC23ger 
045F/01 $a943.8053 
045F/03 $g43858 
045G    $a940.53170943858 $eDDC23ger 
045G/01 $a940.5317 
045G/03 $g43858 
045R    $aGeschichte 1945 

lok: 54005512 24

exp: 54005512 24 1 #EPN
201B/01 $007-04-26 $t09:04:09.000 
201C/01 $027-01-26 
201U/01 $0utf8 
203@/01 $01332854877 
208@/01 $a27-01-26 $ba 
209A/01 $azur Erwerbung bestellt $da $f050 $x00 
209B/01 $aKauf-rs-2026-01 $x05 
220C/01 $ados. - lt. Mitteilung von rs vom 17.02.26 nicht zu besorgen//17.02.26-per Mail bei info@uokg.de bestellt (07.04.26) 
247C/01 $8358050-7 Marburg, Bibliothek des Herder-Instituts Marburg $9102600961 

lok: 54005512 78

exp: 54005512 78 1 #EPN
201B/01 $016-01-26 $t15:13:59.000 
201C/01 $016-01-26 
201U/01 $0utf8 
203@/01 $01332289215 
208@/01 $a16-01-26 $be 
209A/01 $a/ $f000 $x00 
209A/01 $ab*p $x01 
220C/01 $apgar 
244Z/01 $#Generalgouvernement Polen $#Polska $#Rzeczpospolita Polska $#Polska Rzeczpospolita Ludowa $#Poland $#Pologne $#République Polonaise $#Generalne Gubernatorstwo w Polsce $#Polish People's Republic $#Polska Rzeczpospolita Polen $#PRL $#RP $#Polen Generalgouvernement $#Polska Generalgouvernement $#Besetzte Polnische Gebiete $#Besetztes Gebiet in Polen $#Okupowane Polskie Obszary $#Obszary Okupowane w Polsce $#Volksrepublik Polen $#Polska Rosyjska $#Republic Polen $#Respublika Pol'ša $#Pol'skaja Narodnaja Respublika $#République de Pologne $#Polen Links der Weichsel $#Polska po Lewej Stronie Wisły $#Lenkija $#Polija $#Gubernija Carstva Pol'skago $#Republik Polen $74046496-9 $8--Tg1--Polen $x01 $9085129801 
244Z/01 $#Schlesien $#Schlesien $#Herzogtum Schlesien $#Herzogtum Schlesien Schlesien $#Provinz Schlesien $#Śla̜sk $#Slezsko $#Silesia $74052678-1 $8--Tg1--Schlesien $x02 $9085146781 
247C/01 $82080>Marburg/Lahn, Herder-Institut, Forschungsbibliothek, Bibliographieportal $9336309341
LEADER 00000cam a22000002c 4500
001 540055123
003 DE-603
005 20260116151359.0
007 tu
008 251204s2025 xx |||| | u00||u|ger
015 |a 25,A49  |2 dnb 
016 7 |2 DE-101  |a 1366082729 
020 |a 9783910685048  |c Broschur 
035 |a (DE-599)DNB1366082729 
040 |a DE-603  |b ger  |c DE-603  |d DE-603  |e rda 
041 |a ger  |h pol 
082 0 4 |8 1\u  |a 943.858053  |q DE-101  |2 23/ger 
083 0 |8 2\u  |a 940.53170943858  |q DE-101  |2 23/ger 
084 |a 940  |a 360  |q DE-101  |2 sdnb 
085 |8 1\u  |b 943.8053 
085 |8 1\u  |z 2  |s 43858 
085 |8 2\u  |b 940.5317 
085 |8 2\u  |z 2  |s 43858 
100 1 |a Rosenbaum, Sebastian  |d 1974-  |e Verfasser  |4 aut  |0 (DE-603)217428533  |0 (DE-588)139640622  |2 gnd 
240 1 0 |a Tiurma-łagier Tost 
245 0 0 |a "Tiurma NKWD Nr. 2 Tost"  |b das sowjetische Gefängnis in Tost im Jahr 1945  |c Sebastian Rosenbaum, Bogusław Tracz, Dariusz Węgrzyn ; Redaktion Sybille Krägel, Peter Keup, Sandra Czech, Sebastian Sachse ; übersetzt aus dem Polnischen von David Skrabania 
264 1 |a Berlin  |b Demokratieverlag UG  |c [2025] 
300 |a 466 Seiten  |b Illustrationen  |c 21 cm 
336 |a Text  |b txt  |2 rdacontent 
337 |a ohne Hilfsmittel zu benutzen  |b n  |2 rdamedia 
338 |a Band  |b nc  |2 rdacarrier 
610 1 7 |a Internierungslager Tost  |2 gnd  |0 (DE-588)4607483-1  |0 (DE-603)093740204 
610 1 7 |a Sowjetunion  |b Narodnyj Komissariat Vnutrennich Del  |2 gnd  |0 (DE-588)42358-0  |0 (DE-603)040403734 
648 7 |a Geschichte 1945  |2 gnd 
650 7 |a Lager  |0 (DE-588)4125574-4  |0 (DE-603)08542384X  |2 gnd 
651 7 |a Toszek  |0 (DE-588)10163578-3  |0 (DE-603)185127835  |2 gnd 
700 1 |a Tracz, Bogusław  |d 1972-  |e Verfasser  |4 aut  |0 (DE-603)217428770  |0 (DE-588)139640703  |2 gnd 
700 1 |a Węgrzyn, Dariusz  |d 1975-  |e Verfasser  |4 aut  |0 (DE-603)447096206  |0 (DE-588)1182340911  |2 gnd 
856 4 2 |m B:DE-101  |q application/pdf  |u https://d-nb.info/1366082729/04  |3 Inhaltsverzeichnis 
924 0 |9 Mb 50  |a (DE-603)1332854877  |b DE-Mb50  |c HES  |d d  |g zur Erwerbung bestellt 
924 0 |9 2080  |a (DE-603)1332289215  |b DE-2080  |c HES  |d d  |g /